000 00689nam a22002537a 4500
003 UA-OsUOA
001 21808
007 ta
008 20031214b un ||||| |||| 00| 0 ukr d
100 _aСимонович С.В.
090 _a004.38
_bС37
942 _cBK
040 _aUA-OsUOA
_brus
_cUA-OsUOA
_dUA-OsUOA
245 _aИнформатика
_bБазовый курс
_cРец. С.В.КалинРед. С.В.Симонович
300 _a640 с.
_bІлюстрації
955 _a0
041 _arus
080 _a004.38
020 _a5-8046-0134-2
260 _aСанкт-Петербург
_bПитер
_c2002
044 _aRU
650 7 _2UDC
999 _c308015
_d308015